Enquetes et aventures /

Guardado en:
Autor Principal: Malzac, Jacques
Formato: Libro
Publicado: Francia : Hachette, 1973
Etiquetas: Agregar Etiqueta
Sin Etiquetas, Sea el primero en etiquetar este registro!
LEADER 00382nam a22001455a 4500
001 CEM.cems004102
005 20060216000000.0
008 130507s1973##################000#0#####d
003 CEMS
082 0 4 |a 843 
100 1 |a Malzac, Jacques 
245 1 0 |a Enquetes et aventures / 
260 |a Francia :  |b Hachette,  |c 1973 
300 |a 79 p.1 
859 |a CEMS  |b BIB. CEMS - 11 de abril  |h 843  |i M299  |p 7768.80  |t Ej.1